00715cam a2200253 a 4500001000800000005001700008008004100025020001800066020001500084035002400099035002100123035001700144040001800161082001700179100003200196245004900228260004500277300002000322490002400342650002700366655001100393700003200404830002500436951010820220326193306.0110826s2010 cr 000 j spa d a9789968473248 a9968473243 a(OCoLC)ocn773346133 a(OCoLC)773346133 a(NNC)9510108 aHLScHLSdSTF a863.7bR173f1 aRamírez Quirós, Andrey.10aFolclor pagano /cAndrey Ramírez Quirós. aSan José :bEditorial Germinal,c2010. a91 p. ;c21 cm.1 aColección Revenar aLiteraturazCosta Rica aCuento aRamírez Quirós, Andrey. 0aColección Revenar.